| 000 | 00704nam a2200205Ia 4500 | ||
|---|---|---|---|
| 003 | GCL | ||
| 005 | 20240530105446.0 | ||
| 008 | 140319s9999 xx 000 0 ara d | ||
| 040 |
_aGCL / _cGCL |
||
| 082 | 0 | 4 |
_a956.905 _bد س |
| 100 | 1 | _aدمبر، مايكل | |
| 245 | 1 | 0 |
_aسياسة اسرائيل تجاه الاوقاف الاسلامية فى فلسطين 1948 - 1988 / _cدمبر، مايكل |
| 260 |
_a[S.N] : _bمؤسسة الدراسات الفلسطينية ، _c1992 |
||
| 300 | _a293 ص | ||
| 650 | 0 | 4 | _aاسرائيل |
| 650 | 0 | 4 | _aالاحتلال الصهيونى |
| 650 | 0 | 4 | _aسياسة |
| 650 | 0 | 4 | _aفلسطين - تاريخ - العصر العثمانى |
| 942 |
_2ddc _cBK |
||
| 999 |
_c56240 _d56240 |
||